Karl Popper, de la epistemología a la metafísica

Furkejuvvon:
Bibliográfalaš dieđut
Váldodahkki: Queraltó Moreno, Ramón (Dahkki)
Materiálatiipa: Girji
Giella:espánnjágiella
Almmustuhtton: Sevilla Universidad de Sevilla 1996
Ráidu:Colección de Bolsillo, 146
Fáttát:
Fáddágilkorat: Lasit fáddágilkoriid
Eai fáddágilkorat, Lasit vuosttaš fáddágilkora!

MARC

LEADER 00000nam a2200000 a 4500
001 UCT3720
003 CL-VaPUC
008 961024e19960000SP |||||||||||||||||spa|d
082 0 4 |a 121  |b QUE  |2 21 
100 0 |a Queraltó Moreno, Ramón  |e author  |9 372713 
245 1 0 |a Karl Popper, de la epistemología a la metafísica 
300 |a 258 p 
942 |c BK 
945 |d 19961024 00:00:00  |a nastorga 
260 |a Sevilla  |b Universidad de Sevilla  |c 1996 
650 0 |a Epistemología   |9 264994 
650 0 |a Metafísica  |9 265649 
650 7 |a CONOCIMIENTO  |2 CL-VaPUC  |9 308991 
650 0 |a Lógica  |9 256849 
650 0 |a Ciencia  |9 255691 
650 0 |a Filosofía   |9 223554 
650 0 |a Realismo  |9 259117 
650 0 |a Verdad  |9 313815 
650 0 |a Cosmología  |9 269138 
650 7 |a MUNDO  |2 CL-VaPUC  |9 372714 
650 0 |a Universo  |9 266563 
650 0 |a Naturaleza  |9 269656 
650 0 |a Evolución  |9 259442 
583 |a last modification  |c 20120613 11:29:00  |k Rodrigo Vera 
490 0 |a Colección de Bolsillo, 146 
999 |c 253276  |d 253274 
952 |0 0  |1 0  |4 0  |6 121_000000000000000_QUE_1996  |7 0  |8 A  |9 273948  |a BIBEDU  |b BIBEDU  |c ES_NOD  |d 2019-11-19  |i 3245977  |o 121 QUE 1996  |p 3245977  |r 2023-08-09  |w 2019-11-19  |y BK  |k EDU